000 00590nam a2200229Ia 4500
003 OSt
005 20220924143008.0
006 a|||||r|||| 00| 0
007 ta
008 220923b |||||||| |||| 00| 0 ori d
024 _a304308
037 _cTextual
040 _aARTS
_cARTS
_bORI
041 _2ORI
_aORI
082 _aV2y7M95, 1591L2
100 _aMahapatra Chakradhar
_9214545
245 0 _aKuntala Kumari Jivana charita
260 _c1972
650 _aHISTORY
942 _hV2y7M95, 1591L2
_cTEXL
_2CC
999 _c452829
_d452829